000 00348nam a22001217a 4500
008 181123b xxu||||| |||| 00| 0 eng d
041 _aeng
080 _a043.3
100 _a0
101 _aMTH-MBE
245 _aNdikimi i Familjes dhe Rrjeti Afarist në performancën e Bizneseve të Femrave ndërmarrëse në Kosovë
_cAdemaj,K
942 _2udc
_cBK
999 _c52450
_d52450